[Event "XII Torneo Internazionale"]
[Site "Venezia ITA"]
[Date "1980.10.??"]
[Round "1"]
[White "Chevaldonnet, Francois"]
[Black "Monnard, Laurent"]
[Result "1/2-1/2"]
[WhiteElo "2375"]
[BlackElo "2330"]
[PlyCount "125"]
[EventDate "1980.10.22"]

1. e4 c5 2. Nf3 e6 3. d4 cxd4 4. Nxd4 Nf6 5. Nc3 d6 6. g3 Bd7 7. Bg2 Nc6 8. O-O
Be7 9. Re1 O-O 10. Nxc6 Bxc6 11. Bf4 Qb6 12. Nd5 Bxd5 13. exd5 e5 14. Be3 Qxb2
15. Rb1 Qxa2 16. Rxb7 Rfe8 17. Qd3 Rac8 18. Rxa7 Qxc2 19. Qxc2 Rxc2 20. Rb1
Rcc8 21. Rbb7 Kf8 22. Bg5 Ng8 23. Bh3 Rcd8 24. f4 h6 25. Bh4 exf4 26. gxf4 Rb8
27. Bxe7+ Nxe7 28. Rd7 Rb5 29. Bg2 Rb6 30. Rac7 g6 31. h3 Rb1+ 32. Kh2 Rb6 33.
Ra7 f5 34. Rac7 g5 35. Bf3 Rb2+ 36. Kg1 g4 37. hxg4 fxg4 38. Bxg4 Nf5 39. Bh3
Re1+ 40. Bf1 Ng3 41. Rd8+ Re8 42. Rxd6 Nxf1 43. Rf6+ Kg8 44. Rg6+ Kf8 45. Rxh6
Kg8 46. Rg6+ Kf8 47. Rf6+ Kg8 48. Kxf1 Ra8 49. Re6 Kf8 50. Re2 Rb4 51. Kf2
Rxf4+ 52. Ke3 Re8+ 53. Kxf4 Rxe2 54. Rc4 Ke7 55. Re4+ Rxe4+ 56. Kxe4 Kd6 57.
Kd4 Kd7 58. Ke5 Ke7 59. d6+ Kd7 60. Kd5 Kd8 61. Ke6 Ke8 62. d7+ Kd8 63. Kd6
1/2-1/2

[Event "XII Torneo Internazionale"]
[Site "Venezia ITA"]
[Date "1980.10.??"]
[Round "1"]
[White "De Eccher, Stefano"]
[Black "Karaklajic, Nikola"]
[Result "0-1"]
[WhiteElo "2285"]
[BlackElo "2460"]
[PlyCount "92"]
[EventDate "1980.10.22"]

1. e4 d5 2. exd5 Nf6 3. d4 Nxd5 4. Nf3 Bg4 5. Be2 Nc6 6. O-O e6 7. c4 Nb6 8.
Be3 Bxf3 9. Bxf3 Nxc4 10. Qa4 Nb6 11. Bxc6+ bxc6 12. Qxc6+ Qd7 13. Qxd7+ Kxd7
14. Nc3 Bb4 15. Ne4 f5 16. Nc5+ Bxc5 17. dxc5 Nd5 18. Bd4 Rhg8 19. Rac1 c6 20.
Be5 a5 21. Rfd1 Ke7 22. Rd3 Kf7 23. Rb3 Ra7 24. Kf1 Rd8 25. Rc4 Nf6 26. Rb6 Nd7
27. Bc3 Rc8 28. Rb3 a4 29. Rbb4 Rca8 30. Rb6 Nxb6 31. cxb6 Rb7 32. Rxc6 Ra6 33.
Bd4 Ra5 34. f4 h6 35. Rc7+ Rxc7 36. bxc7 Ra8 37. Ba7 Ke7 38. Bd4 g5 39. g3 Kd7
40. Be5 Ra5 41. Bg7 Rc5 42. Ke2 gxf4 43. gxf4 Rc2+ 44. Kd3 Rxh2 45. Be5 h5 46.
Ke3 Rg2 0-1

[Event "XII Torneo Internazionale"]
[Site "Venezia ITA"]
[Date "1980.10.??"]
[Round "1"]
[White "Nemet, Ivan"]
[Black "Trabattoni, Franco"]
[Result "1/2-1/2"]
[WhiteElo "2460"]
[BlackElo "2325"]
[PlyCount "53"]
[EventDate "1980.10.22"]

1. d4 Nf6 2. Nf3 e6 3. c4 b6 4. a3 Bb7 5. Nc3 d5 6. cxd5 exd5 7. Bf4 Be7 8. e3
O-O 9. Qb3 Nbd7 10. Be2 c5 11. dxc5 Nxc5 12. Qa2 Nfe4 13. Nb5 Bf6 14. O-O Ne6
15. Bg3 a6 16. Nbd4 Nxg3 17. hxg3 Nxd4 18. exd4 Re8 19. Bd3 Qd6 20. Qb3 Re7 21.
Rfe1 Rae8 22. Rxe7 Rxe7 23. Rc1 g6 24. Qa4 a5 25. b4 Rc7 26. Rxc7 Qxc7 27. Qe8+
1/2-1/2

[Event "XII Torneo Internazionale"]
[Site "Venezia ITA"]
[Date "1980.10.??"]
[Round "1"]
[White "Witkowski, Stefan"]
[Black "Rosino, Antonio"]
[Result "1/2-1/2"]
[WhiteElo "2290"]
[BlackElo "2305"]
[PlyCount "40"]
[EventDate "1980.10.22"]

1. d4 Nf6 2. Nf3 g6 3. g3 Bg7 4. Bg2 d5 5. O-O O-O 6. Bf4 Nbd7 7. c3 c6 8. Qb3
Qb6 9. Nbd2 Nh5 10. Qxb6 Nxb6 11. Bc7 Na4 12. Rab1 Bf5 13. e4 dxe4 14. Nh4 Be6
15. Nxe4 Rac8 16. Ba5 Nf6 17. Bb4 Nxe4 18. Bxe4 Rfe8 19. b3 Nb6 20. Rbc1 Bd5
1/2-1/2

[Event "XII Torneo Internazionale"]
[Site "Venezia ITA"]
[Date "1980.10.??"]
[Round "2"]
[White "Bonfa', Ileano"]
[Black "Chevaldonnet, Francois"]
[Result "1/2-1/2"]
[WhiteElo "2305"]
[BlackElo "2375"]
[PlyCount "34"]
[EventDate "1980.10.22"]

1. Nf3 Nf6 2. g3 g6 3. Bg2 Bg7 4. O-O O-O 5. c4 d6 6. Nc3 c6 7. Rb1 e5 8. d3
Re8 9. Nd2 a5 10. a3 Be6 11. b4 axb4 12. axb4 Nbd7 13. b5 d5 14. Bb2 Qe7 15.
Qc2 Rec8 16. bxc6 bxc6 17. Ra1 Rcb8 1/2-1/2

[Event "XII Torneo Internazionale"]
[Site "Venezia ITA"]
[Date "1980.10.??"]
[Round "2"]
[White "De Eccher, Stefano"]
[Black "Nemet, Ivan"]
[Result "1/2-1/2"]
[WhiteElo "2285"]
[BlackElo "2460"]
[PlyCount "31"]
[EventDate "1980.10.22"]

1. e4 c5 2. c4 Nc6 3. Nc3 g6 4. g3 Bg7 5. Bg2 d6 6. Nge2 h5 7. h4 Nh6 8. O-O a6
9. Rb1 Be6 10. d3 b5 11. Nf4 Bg4 12. f3 Bd7 13. cxb5 axb5 14. Nxb5 Nb4 15. a3
Bxb5 16. axb4 1/2-1/2

[Event "XII Torneo Internazionale"]
[Site "Venezia ITA"]
[Date "1980.10.??"]
[Round "2"]
[White "Karaklajic, Nikola"]
[Black "Kelecevic, Nedeljko"]
[Result "1-0"]
[WhiteElo "2460"]
[BlackElo "2380"]
[PlyCount "125"]
[EventDate "1980.10.22"]

1. d4 Nf6 2. Bg5 d5 3. Bxf6 gxf6 4. e3 c6 5. c3 Bf5 6. Nf3 e6 7. Nbd2 Nd7 8.
Nh4 Bg6 9. Qb3 Qb6 10. Be2 Be7 11. g3 Qxb3 12. axb3 a6 13. b4 O-O-O 14. O-O f5
15. Ng2 f6 16. Nf4 Nf8 17. Nb3 e5 18. Nd3 Nd7 19. f4 Bd6 20. Ndc5 Rde8 21. Kf2
Re7 22. Na5 Nxc5 23. bxc5 Bb8 24. Ra3 exf4 25. exf4 Rhe8 26. Bd3 Re3 27. c4 Bc7
28. b4 Kb8 29. cxd5 cxd5 30. Rb3 Bh5 31. Rfb1 Bxf4 32. b5 Rf3+ 33. Kg2 Be3 34.
Rf1 Rxf1 35. Kxf1 Bd2 36. bxa6 Bxa5 37. Rxb7+ Ka8 38. Rxh7 Re1+ 39. Kf2 Be8 40.
Bxf5 Bc6 41. Bd7 Bxd7 42. Rxd7 Rd1 43. Ke3 Re1+ 44. Kf2 Rd1 45. Rxd5 Rd2+ 46.
Kf3 Rxh2 47. c6 Ra2 48. Rd7 Ra3+ 49. Kf4 Be1 50. g4 Bg3+ 51. Kf5 Rxa6 52. d5
Kb8 53. Kxf6 Kc8 54. g5 Ra1 55. g6 Rf1+ 56. Ke6 Re1+ 57. Kf7 Rf1+ 58. Ke8 Be5
59. d6 Bf6 60. Rc7+ Kb8 61. Rb7+ Ka8 62. Rf7 Re1+ 63. Kd7 1-0

[Event "XII Torneo Internazionale"]
[Site "Venezia ITA"]
[Date "1980.10.??"]
[Round "2"]
[White "Trabattoni, Franco"]
[Black "Witkowski, Stefan"]
[Result "0-1"]
[WhiteElo "2325"]
[BlackElo "2290"]
[PlyCount "82"]
[EventDate "1980.10.22"]

1. e4 c5 2. Nf3 Nc6 3. Nc3 e6 4. d4 cxd4 5. Nxd4 Nf6 6. Bg5 Bb4 7. Ndb5 h6 8.
Bxf6 Qxf6 9. Be2 O-O 10. a3 Bc5 11. O-O Nd4 12. Nxd4 Bxd4 13. Qd2 b6 14. Rad1
Bxc3 15. bxc3 Bb7 16. Bf3 Bc6 17. c4 Qe5 18. Qd4 Qxd4 19. Rxd4 f6 20. Re1 Rac8
21. Bg4 Rc7 22. e5 f5 23. Be2 Kf7 24. f4 Ke7 25. Kf2 Ba4 26. c5 b5 27. c4 Rxc5
28. cxb5 Bxb5 29. Bxb5 Rxb5 30. Red1 Rb7 31. Rd6 Rc8 32. R1d3 Rc4 33. g3 g5 34.
Ke3 Rc2 35. fxg5 hxg5 36. h4 gxh4 37. gxh4 Rc4 38. Kd2 Rxh4 39. Rg3 Rh7 40. Rc3
Rh2+ 41. Kc1 Re2 0-1

[Event "XII Torneo Internazionale"]
[Site "Venezia ITA"]
[Date "1980.10.??"]
[Round "3"]
[White "Chevaldonnet, Francois"]
[Black "Rosino, Antonio"]
[Result "1/2-1/2"]
[WhiteElo "2375"]
[BlackElo "2305"]
[PlyCount "84"]
[EventDate "1980.10.22"]

1. e4 e5 2. Nf3 Nc6 3. Bb5 a6 4. Bxc6 dxc6 5. O-O Bd6 6. d4 exd4 7. Qxd4 f6 8.
Be3 Ne7 9. Nbd2 Be6 10. Rfd1 O-O 11. Nc4 Bb4 12. a3 Qxd4 13. Rxd4 c5 14. Rdd1
Bxc4 15. axb4 cxb4 16. Rd4 Bb5 17. Rxb4 b6 18. Rd4 Ng6 19. c4 Bc6 20. Nd2 a5
21. f3 Rfd8 22. Kf2 Nf8 23. Ke2 Rxd4 24. Bxd4 Ne6 25. Be3 g5 26. Nb1 Rd8 27.
Nc3 Nd4+ 28. Bxd4 Rxd4 29. b3 Rd7 30. Ke3 Kf7 31. g3 Ke6 32. Rd1 Rxd1 33. Nxd1
a4 34. bxa4 Bxa4 35. Nc3 Bb3 36. Kd4 c6 37. f4 gxf4 38. gxf4 Bc2 39. Ke3 Kd6
40. Kd4 Ke6 41. Ke3 Kd6 42. Kd4 Ke6 1/2-1/2

[Event "XII Torneo Internazionale"]
[Site "Venezia ITA"]
[Date "1980.10.??"]
[Round "3"]
[White "Kelecevic, Nedeljko"]
[Black "Monnard, Laurent"]
[Result "1/2-1/2"]
[WhiteElo "2380"]
[BlackElo "2330"]
[PlyCount "35"]
[EventDate "1980.10.22"]

1. d4 Nf6 2. c4 g6 3. Nc3 Bg7 4. Nf3 O-O 5. g3 d6 6. Bg2 Nc6 7. d5 Na5 8. Nd2
c6 9. O-O cxd5 10. cxd5 Bd7 11. Rb1 Rc8 12. Nde4 Bf5 13. Nxf6+ Bxf6 14. Ne4 Bg7
15. b3 Qd7 16. Be3 b6 17. Qd2 Rc7 18. Rbc1 1/2-1/2

[Event "XII Torneo Internazionale"]
[Site "Venezia ITA"]
[Date "1980.10.??"]
[Round "3"]
[White "Nemet, Ivan"]
[Black "Karaklajic, Nikola"]
[Result "1/2-1/2"]
[WhiteElo "2460"]
[BlackElo "2460"]
[PlyCount "32"]
[EventDate "1980.10.22"]

1. c4 c6 2. d4 d5 3. Nf3 Nf6 4. cxd5 cxd5 5. Nc3 Nc6 6. Bf4 e6 7. e3 Nh5 8. Bg5
Qb6 9. Bb5 Bd7 10. O-O h6 11. Bh4 g5 12. Nd2 Ng7 13. Bg3 Nf5 14. Bxc6 Bxc6 15.
Be5 Bg7 16. Bxg7 Nxg7 1/2-1/2

[Event "XII Torneo Internazionale"]
[Site "Venezia ITA"]
[Date "1980.10.??"]
[Round "3"]
[White "Witkowski, Stefan"]
[Black "De Eccher, Stefano"]
[Result "0-1"]
[WhiteElo "2290"]
[BlackElo "2285"]
[PlyCount "50"]
[EventDate "1980.10.22"]

1. d4 Nf6 2. c4 e6 3. Nf3 b6 4. Bf4 Bb7 5. e3 Bb4+ 6. Nfd2 O-O 7. a3 Be7 8. Nc3
d5 9. Rc1 c5 10. dxc5 bxc5 11. Nf3 Nc6 12. cxd5 exd5 13. Bd3 d4 14. Ne4 Nd5 15.
Nxc5 Bxc5 16. Rxc5 Nxf4 17. exf4 Qe7+ 18. Re5 Nxe5 19. fxe5 Bxf3 20. Qxf3 Qxe5+
21. Qe2 Qa5+ 22. Qd2 Rfe8+ 23. Kd1 Qd5 24. f3 Rac8 25. Re1 Qb3+ 0-1

[Event "XII Torneo Internazionale"]
[Site "Venezia ITA"]
[Date "1980.10.??"]
[Round "4"]
[White "Karaklajic, Nikola"]
[Black "Bonfa', Ileano"]
[Result "1-0"]
[WhiteElo "2460"]
[BlackElo "2305"]
[PlyCount "123"]
[EventDate "1980.10.22"]

1. e4 c5 2. Nf3 Nc6 3. d4 cxd4 4. Nxd4 g6 5. c4 Nf6 6. Nc3 d6 7. Be2 Nxd4 8.
Qxd4 Bg7 9. Bg5 h6 10. Be3 O-O 11. Qd2 Kh7 12. Rc1 Be6 13. f3 Rc8 14. b3 Qa5
15. Nd5 Qxd2+ 16. Kxd2 Nxd5 17. cxd5 Bd7 18. Rxc8 Rxc8 19. Rc1 Rxc1 20. Kxc1 a6
21. Kc2 Kg8 22. Bb6 Kf8 23. Bc4 e6 24. Kd3 Ke7 25. g3 Bb2 26. a4 Bg7 27. a5 Bb2
28. h4 e5 29. Be3 h5 30. Kc2 Ba1 31. Be2 f6 32. g4 Be8 33. Bf2 Kd8 34. Ba7 Ke7
35. Bb6 Bd7 36. gxh5 gxh5 37. f4 Be8 38. f5 Kd7 39. b4 Ke7 40. Kb3 Kd7 41. b5
axb5 42. Bxb5+ Ke7 43. Be2 Bf7 44. Bf2 Kd8 45. Kb4 Bb2 46. Bb6+ Kc8 47. Be3 Kd8
48. Kb3 Ba1 49. Bb6+ Ke7 50. Bf2 Bd4 51. Bxd4 exd4 52. Bb5 Kd8 53. Kc4 Kc7 54.
Kxd4 Kd8 55. Kc4 Kc7 56. Kb4 Kc8 57. a6 bxa6 58. Bxa6+ Kc7 59. Bb5 Kb6 60. Ba4
Ka6 61. Bd7 Kb6 62. Bb5 1-0

[Event "XII Torneo Internazionale"]
[Site "Venezia ITA"]
[Date "1980.10.??"]
[Round "4"]
[White "Nemet, Ivan"]
[Black "Chevaldonnet, Francois"]
[Result "1-0"]
[WhiteElo "2460"]
[BlackElo "2375"]
[PlyCount "49"]
[EventDate "1980.10.22"]

1. d4 Nf6 2. c4 g6 3. Nc3 Bg7 4. e4 d6 5. Nf3 O-O 6. Be2 e5 7. O-O Nc6 8. d5
Ne7 9. Nd2 c5 10. dxc6 bxc6 11. b4 a6 12. Nb3 Qc7 13. Be3 Rd8 14. Rc1 Qb8 15.
a3 Be6 16. Na5 Nd7 17. Nd5 cxd5 18. cxd5 Bxd5 19. exd5 Rc8 20. Nc6 Nxc6 21.
dxc6 Nf8 22. Bf3 Qc7 23. Qd5 Ne6 24. Qc4 Bf8 25. Bd5 1-0

[Event "XII Torneo Internazionale"]
[Site "Venezia ITA"]
[Date "1980.10.??"]
[Round "4"]
[White "Rosino, Antonio"]
[Black "Monnard, Laurent"]
[Result "1/2-1/2"]
[WhiteElo "2305"]
[BlackElo "2330"]
[PlyCount "82"]
[EventDate "1980.10.22"]

1. e4 Nf6 2. e5 Nd5 3. d4 d6 4. Nf3 dxe5 5. Nxe5 g6 6. Bc4 Be6 7. O-O Bg7 8.
Qe2 O-O 9. Bb3 c6 10. c3 Qc7 11. Nd2 a5 12. Ndf3 Nd7 13. Re1 a4 14. Bxd5 cxd5
15. Bf4 Qc8 16. Nxd7 Qxd7 17. Ne5 Qd8 18. a3 Re8 19. Nd3 Bd7 20. Qf3 Bf5 21.
Nb4 Ra5 22. Re3 f6 23. Qg3 Qd7 24. h4 Rb5 25. f3 h6 26. Rae1 g5 27. hxg5 hxg5
28. Bd6 Bf8 29. Qh2 Rb6 30. Bb8 Bg6 31. g4 Bf7 32. Qc7 Qxc7 33. Bxc7 Rb5 34.
Bd6 e6 35. Bxf8 Kxf8 36. Kf2 Kg7 37. R3e2 Rh8 38. Kg3 Ra5 39. Nd3 b6 40. Rh2
Rxh2 41. Kxh2 Ra8 1/2-1/2

[Event "XII Torneo Internazionale"]
[Site "Venezia ITA"]
[Date "1980.10.??"]
[Round "4"]
[White "Trabattoni, Franco"]
[Black "Kelecevic, Nedeljko"]
[Result "1/2-1/2"]
[WhiteElo "2325"]
[BlackElo "2380"]
[PlyCount "62"]
[EventDate "1980.10.22"]

1. d4 Nf6 2. Nf3 e6 3. g3 d5 4. c4 Be7 5. Bg2 O-O 6. O-O dxc4 7. Qc2 a6 8. a4
Bd7 9. Qxc4 Bc6 10. Bg5 a5 11. Nc3 Na6 12. Rac1 Bd5 13. Nxd5 exd5 14. Qb3 Nb4
15. Ne5 c6 16. Nd3 Nxd3 17. Qxd3 Re8 18. Bd2 Bd6 19. Rc2 Qb6 20. Rfc1 Ne4 21.
Be1 Bb4 22. Bc3 Bxc3 23. bxc3 Nd6 24. Ra2 Qb3 25. Raa1 Qc4 26. Qxc4 Nxc4 27. e3
Kf8 28. Ra2 f5 29. Bf1 Nd6 30. c4 dxc4 31. Bxc4 Ke7 1/2-1/2

[Event "XII Torneo Internazionale"]
[Site "Venezia ITA"]
[Date "1980.10.??"]
[Round "5"]
[White "Chevaldonnet, Francois"]
[Black "De Eccher, Stefano"]
[Result "0-1"]
[WhiteElo "2375"]
[BlackElo "2285"]
[PlyCount "76"]
[EventDate "1980.10.22"]

1. e4 c5 2. Nf3 d6 3. d4 cxd4 4. Nxd4 Nf6 5. Nc3 g6 6. Be3 Bg7 7. f3 O-O 8. Bc4
Nc6 9. Qd2 Bd7 10. h4 Qa5 11. Bb3 Rfc8 12. O-O-O Ne5 13. Kb1 Nc4 14. Bxc4 Rxc4
15. Nb3 Qe5 16. Bf4 Qe6 17. Nd4 Nxe4 18. Nxe4 Rxd4 19. Qxd4 Bxd4 20. Rxd4 Qf5
21. Bh6 Rc8 22. h5 Qe5 23. c3 Be6 24. hxg6 hxg6 25. Nd2 Qa5 26. Rdh4 Qxa2+ 27.
Kc1 f6 28. Bf4 Kf7 29. Rh7+ Kf8 30. Ne4 Bg8 31. Rh8 d5 32. Nxf6 exf6 33. R1h7
Qa1+ 34. Kd2 Qxb2+ 35. Ke1 Re8+ 36. Kd1 Qe2+ 37. Kc1 Qe1+ 38. Kb2 Re2+ 0-1

[Event "XII Torneo Internazionale"]
[Site "Venezia ITA"]
[Date "1980.10.??"]
[Round "5"]
[White "Kelecevic, Nedeljko"]
[Black "Rosino, Antonio"]
[Result "1-0"]
[WhiteElo "2380"]
[BlackElo "2305"]
[PlyCount "73"]
[EventDate "1980.10.22"]

1. d4 Nf6 2. c4 g6 3. Nc3 d5 4. cxd5 Nxd5 5. e4 Nxc3 6. bxc3 Bg7 7. Bc4 c5 8.
Ne2 Nc6 9. Be3 cxd4 10. cxd4 b5 11. Bd5 Bd7 12. Bxc6 Bxc6 13. d5 Bd7 14. Bd4
Qa5+ 15. Qd2 Qxd2+ 16. Kxd2 O-O 17. Bxg7 Kxg7 18. Rhc1 Rfc8 19. Rxc8 Rxc8 20.
Rc1 Rxc1 21. Nxc1 Kf8 22. Nd3 Ke8 23. Kc3 Kd8 24. Kb4 Kc7 25. Ne5 Be8 26. Kc5
f6 27. Nf3 Bd7 28. Nd4 a6 29. f4 g5 30. fxg5 fxg5 31. e5 h5 32. e6 Be8 33. Nf5
Kd8 34. d6 exd6+ 35. Kxd6 a5 36. e7+ Kc8 37. Ng7 1-0

[Event "XII Torneo Internazionale"]
[Site "Venezia ITA"]
[Date "1980.10.??"]
[Round "5"]
[White "Monnard, Laurent"]
[Black "Bonfa', Ileano"]
[Result "1/2-1/2"]
[WhiteElo "2330"]
[BlackElo "2305"]
[PlyCount "22"]
[EventDate "1980.10.22"]

1. d4 Nf6 2. c4 g6 3. Nc3 d5 4. Nf3 Bg7 5. g3 dxc4 6. Bg2 O-O 7. Ne5 c5 8. d5
Ne8 9. Nxc4 Nd6 10. Nd2 e6 11. dxe6 Bxe6 1/2-1/2

[Event "XII Torneo Internazionale"]
[Site "Venezia ITA"]
[Date "1980.10.??"]
[Round "5"]
[White "Witkowski, Stefan"]
[Black "Karaklajic, Nikola"]
[Result "1/2-1/2"]
[WhiteElo "2290"]
[BlackElo "2460"]
[PlyCount "24"]
[EventDate "1980.10.22"]

1. d4 Nf6 2. Nf3 d5 3. Bf4 e6 4. e3 Bd6 5. Bg3 O-O 6. Nbd2 b6 7. c3 h6 8. a4 a5
9. Be2 Ba6 10. Bxa6 Rxa6 11. Bxd6 Qxd6 12. Qe2 Ra7 1/2-1/2

[Event "XII Torneo Internazionale"]
[Site "Venezia ITA"]
[Date "1980.10.??"]
[Round "6"]
[White "Bonfa', Ileano"]
[Black "Kelecevic, Nedeljko"]
[Result "0-1"]
[WhiteElo "2305"]
[BlackElo "2380"]
[PlyCount "54"]
[EventDate "1980.10.22"]

1. e4 e5 2. Nf3 Nc6 3. Bb5 a6 4. Ba4 Nf6 5. O-O Nxe4 6. d4 b5 7. Bb3 d5 8. dxe5
Be6 9. Nbd2 Nc5 10. c3 d4 11. cxd4 Nxd4 12. Nxd4 Qxd4 13. Bxe6 fxe6 14. Qh5+ g6
15. Qf3 O-O-O 16. Qf6 Rg8 17. Nf3 Qd5 18. Bg5 Rd7 19. Be3 g5 20. Nd2 Nd3 21.
Nf3 Be7 22. Qf7 Rf8 23. Qxh7 Rxf3 24. gxf3 Nxe5 25. Qh3 Nxf3+ 26. Kh1 Bd6 27.
Rfd1 Qe4 0-1

[Event "XII Torneo Internazionale"]
[Site "Venezia ITA"]
[Date "1980.10.??"]
[Round "6"]
[White "Karaklajic, Nikola"]
[Black "Monnard, Laurent"]
[Result "1/2-1/2"]
[WhiteElo "2460"]
[BlackElo "2330"]
[PlyCount "150"]
[EventDate "1980.10.22"]

1. e4 c5 2. Nf3 d6 3. d4 cxd4 4. Nxd4 Nf6 5. Nc3 a6 6. h3 e6 7. g4 b5 8. Bg2
Bb7 9. a3 d5 10. exd5 Nxd5 11. Nde2 Bc5 12. Nxd5 Bxd5 13. Bxd5 exd5 14. Nf4 d4
15. Qe2+ Be7 16. Qe4 Ra7 17. O-O O-O 18. Bd2 Bf6 19. Nd5 Nd7 20. Rfe1 Nc5 21.
Qf5 Ne6 22. Rad1 Rd7 23. Nxf6+ Qxf6 24. Qxf6 gxf6 25. Bh6 Rfd8 26. f4 f5 27.
gxf5 Ng7 28. Kf2 Rd6 29. f6 Nf5 30. Rg1+ Kh8 31. Bg7+ Nxg7 32. fxg7+ Kg8 33.
Rd3 Re8 34. Kf3 Rh6 35. Rg3 Rc6 36. Rg2 Rh6 37. Rh2 Rhe6 38. Rxd4 Kxg7 39. Rd3
Rc6 40. c3 Rce6 41. Rg2+ Kf8 42. Rgd2 Rh6 43. Rd6 Rxh3+ 44. Kg4 Ree3 45. Rxa6
Reg3+ 46. Kf5 Rh5+ 47. Ke4 Rc5 48. Rd5 Rc4+ 49. Kf5 Rf3 50. Rd4 Rxd4 51. cxd4
Rb3 52. Kf6 Ke8 53. Ra7 Rxb2 54. Re7+ Kd8 55. Rxf7 Rb3 56. Ra7 h5 57. Kg5 Rd3
58. Ra5 Rxd4 59. Rxb5 h4 60. Rb3 Ra4 61. Rf3 Ke7 62. Kxh4 Kf6 63. Kg4 Ra5 64.
Rb3 Ra4 65. Rd3 Kg6 66. Kf3 Kf5 67. Ke3 Rxf4 68. Kd2 Rc4 69. Re3 Re4 70. Rc3
Ke6 71. Kc2 Kd7 72. Kb3 Re8 73. Kb4 Rc8 74. Rh3 Kc7 75. Kb5 Kb8 1/2-1/2

[Event "XII Torneo Internazionale"]
[Site "Venezia ITA"]
[Date "1980.10.??"]
[Round "6"]
[White "Trabattoni, Franco"]
[Black "Chevaldonnet, Francois"]
[Result "1/2-1/2"]
[WhiteElo "2325"]
[BlackElo "2375"]
[PlyCount "80"]
[EventDate "1980.10.22"]

1. d4 Nf6 2. Nf3 g6 3. c4 Bg7 4. Nc3 O-O 5. g3 d6 6. Bg2 c6 7. O-O Qa5 8. e4 e5
9. dxe5 dxe5 10. Qc2 Be6 11. b3 Na6 12. Bd2 Qc7 13. Na4 Bg4 14. Bc3 Bxf3 15.
Bxf3 Rfd8 16. Rfd1 Nd7 17. Qe2 Nac5 18. Nxc5 Nxc5 19. Bg4 Rxd1+ 20. Rxd1 Rd8
21. Rxd8+ Qxd8 22. Qe3 b6 23. Kg2 h5 24. Bf3 Ne6 25. Qd2 Qxd2 26. Bxd2 Bf8 27.
Bd1 Bc5 28. f4 Bd4 29. Kf3 Kg7 30. Bb4 Bc5 31. Bc3 Bd4 32. Bb4 c5 33. Bd2 f6
34. h4 f5 35. fxe5 Bxe5 36. exf5 gxf5 37. Kg2 Kg6 38. Bc2 Kf6 39. Bd1 Kg6 40.
Bc2 Kf6 1/2-1/2

[Event "XII Torneo Internazionale"]
[Site "Venezia ITA"]
[Date "1980.10.??"]
[Round "7"]
[White "Bonfa', Ileano"]
[Black "Rosino, Antonio"]
[Result "1/2-1/2"]
[WhiteElo "2305"]
[BlackElo "2305"]
[PlyCount "104"]
[EventDate "1980.10.22"]

1. e4 e5 2. Nf3 Nc6 3. Bb5 a6 4. Ba4 Nf6 5. O-O Nxe4 6. d4 b5 7. Bb3 d5 8. dxe5
Be6 9. Nbd2 Nc5 10. c3 d4 11. cxd4 Nxd4 12. Nxd4 Qxd4 13. Bxe6 Nxe6 14. a4 Rd8
15. Qf3 Bb4 16. axb5 axb5 17. Qc6+ Qd7 18. Qxd7+ Rxd7 19. Ra8+ Rd8 20. Rxd8+
Kxd8 21. Ne4 Ke7 22. Be3 Rd8 23. Rc1 Rd5 24. f4 c5 25. Kf2 c4 26. Ra1 Rd7 27.
f5 Nc7 28. Bg5+ Ke8 29. Ra7 h6 30. Bh4 Rd4 31. Nd6+ Rxd6 32. Rxc7 Rd2+ 33. Kf3
Rxb2 34. e6 fxe6 35. fxe6 g5 36. Bg3 Rd2 37. Be5 Bd6 38. Bxd6 Rxd6 39. Rb7 c3
40. Rxb5 Rc6 41. Rb1 Ke7 42. Rc1 Kxe6 43. Ke4 h5 44. Kd4 g4 45. Rxc3 Rxc3 46.
Kxc3 Ke5 47. Kd3 Kf4 48. Ke2 h4 49. Kf1 Ke3 50. h3 g3 51. Kg1 Ke2 52. Kh1 Kf1
1/2-1/2

[Event "XII Torneo Internazionale"]
[Site "Venezia ITA"]
[Date "1980.10.??"]
[Round "7"]
[White "Chevaldonnet, Francois"]
[Black "Witkowski, Stefan"]
[Result "1/2-1/2"]
[WhiteElo "2375"]
[BlackElo "2290"]
[PlyCount "62"]
[EventDate "1980.10.22"]

1. e4 c5 2. Nf3 Nc6 3. d4 cxd4 4. Nxd4 Nf6 5. Nc3 e6 6. g3 Bb4 7. Bg2 d5 8.
exd5 exd5 9. O-O Bxc3 10. bxc3 O-O 11. c4 Bg4 12. Nxc6 bxc6 13. Qd3 Re8 14. Be3
Qd7 15. Rfe1 Bf5 16. Qc3 Bh3 17. Bh1 Ne4 18. Qd3 Bf5 19. Qd4 Nf6 20. Bg5 Rxe1+
21. Rxe1 Re8 22. Rxe8+ Qxe8 23. Be3 Qb8 24. Bf3 Bxc2 25. cxd5 Nxd5 26. Qxa7
Qb1+ 27. Kg2 h6 28. a3 Be4 29. Bxe4 Qxe4+ 30. Kg1 Qb1+ 31. Kg2 Qe4+ 1/2-1/2

[Event "XII Torneo Internazionale"]
[Site "Venezia ITA"]
[Date "1980.10.??"]
[Round "7"]
[White "Kelecevic, Nedeljko"]
[Black "De Eccher, Stefano"]
[Result "1/2-1/2"]
[WhiteElo "2380"]
[BlackElo "2285"]
[PlyCount "82"]
[EventDate "1980.10.22"]

1. d4 Nf6 2. c4 e6 3. Nf3 b6 4. g3 Ba6 5. b3 Bb4+ 6. Bd2 Be7 7. Bg2 c6 8. O-O
d5 9. Ne5 Nfd7 10. Nxd7 Nxd7 11. Bc3 O-O 12. Nd2 b5 13. Qc2 Rc8 14. Rfd1 c5 15.
dxc5 Nxc5 16. Qb2 bxc4 17. Bxg7 c3 18. Bxc3 Bxe2 19. Ne4 Nxe4 20. Bxe4 Bxd1 21.
Rxd1 f5 22. Bf3 Bf6 23. Bd4 Bxd4 24. Qxd4 Qb6 25. Qd2 Rf7 26. Re1 Rcf8 27. Qf4
Rc8 28. Qd2 Qd6 29. b4 f4 30. Bg4 fxg3 31. Bxe6 gxf2+ 32. Qxf2 Qxe6 33. Rxe6
Rxf2 34. Kxf2 Rc2+ 35. Re2 Rc3 36. Rd2 Ra3 37. Rxd5 Rxa2+ 38. Ke3 Rxh2 39. Rd8+
Kg7 40. Rd7+ Kg6 41. Rxa7 Rb2 1/2-1/2

[Event "XII Torneo Internazionale"]
[Site "Venezia ITA"]
[Date "1980.10.??"]
[Round "7"]
[White "Monnard, Laurent"]
[Black "Trabattoni, Franco"]
[Result "1/2-1/2"]
[WhiteElo "2330"]
[BlackElo "2325"]
[PlyCount "43"]
[EventDate "1980.10.22"]

1. Nf3 Nf6 2. c4 e6 3. d4 b6 4. g3 Bb7 5. Bg2 Be7 6. Nc3 Ne4 7. Bd2 Bf6 8. O-O
O-O 9. Rc1 d6 10. Ne1 Nxc3 11. Bxc3 Bxg2 12. Nxg2 Nd7 13. Qd2 e5 14. dxe5 Bxe5
15. Nf4 Re8 16. Rfd1 Nf6 17. Bxe5 Rxe5 18. f3 h6 19. e4 Qd7 20. Ng2 Rae8 21.
Ne3 Nh7 22. g4 1/2-1/2

[Event "XII Torneo Internazionale"]
[Site "Venezia ITA"]
[Date "1980.10.??"]
[Round "8"]
[White "De Eccher, Stefano"]
[Black "Monnard, Laurent"]
[Result "1/2-1/2"]
[WhiteElo "2285"]
[BlackElo "2330"]
[PlyCount "22"]
[EventDate "1980.10.22"]

1. e4 Nf6 2. e5 Nd5 3. Nc3 c6 4. d4 d6 5. Nxd5 cxd5 6. Nf3 Nc6 7. Bf4 Bg4 8.
exd6 e6 9. c3 Bxd6 10. Bxd6 Qxd6 11. Be2 O-O 1/2-1/2

[Event "XII Torneo Internazionale"]
[Site "Venezia ITA"]
[Date "1980.10.??"]
[Round "8"]
[White "Karaklajic, Nikola"]
[Black "Rosino, Antonio"]
[Result "1/2-1/2"]
[WhiteElo "2460"]
[BlackElo "2305"]
[PlyCount "128"]
[EventDate "1980.10.22"]

1. d4 Nf6 2. Bg5 d5 3. Bxf6 exf6 4. e3 c5 5. dxc5 Bxc5 6. c3 O-O 7. Nf3 Nc6 8.
Nbd2 Re8 9. Be2 f5 10. Nb3 Bb6 11. O-O Be6 12. Re1 Qf6 13. g3 g5 14. Qd2 f4 15.
exf4 gxf4 16. Qxf4 Qxf4 17. gxf4 Bc7 18. Ne5 Nxe5 19. fxe5 Bxe5 20. Bf3 f6 21.
Rad1 Rad8 22. Bg2 Kf8 23. Nd4 Bf7 24. Re3 Bf4 25. Rxe8+ Rxe8 26. Bf3 Re5 27. h4
a6 28. Kf1 Bh6 29. Ne2 Bh5 30. Bxh5 Rxh5 31. Rd4 Re5 32. Rb4 Re7 33. Nd4 Bc1
34. Rb6 Kf7 35. Nf5 Rd7 36. Nd6+ Kg6 37. Nxb7 d4 38. Nc5 Rd5 39. cxd4 Rxd4 40.
Nxa6 Rd1+ 41. Kg2 Rd2 42. Nc5 Bxb2 43. Ne4 Rc2 44. a4 Bd4 45. Rb4 Be5 46. Ng3
Ra2 47. Rg4+ Kf7 48. h5 Ke6 49. Rb4 Bd6 50. Rc4 Kd5 51. Rg4 Ke6 52. Re4+ Kd5
53. Rh4 Ke6 54. Ne4 Be5 55. Nc5+ Kf5 56. Nd3 Kg5 57. Re4 Ba1 58. Nf4 Be5 59.
Nd3 Ba1 60. Re7 Rxa4 61. Rxh7 Rg4+ 62. Kf3 Rh4 63. Ra7 Bd4 64. Ra4 f5 1/2-1/2